Математические модели оптимизации экологических платежей: Автореф. диссертации на соискание ученой степени кандидата физико-математических наук; 05.13.16

গ্রন্থ-পঞ্জীর বিবরন
প্রধান লেখক: Недорезов Т. Л. Тимур Львович
সংক্ষিপ্ত:Защита состоялась 14.06.2000 г.
ভাষা:রুশ
প্রকাশিত: Красноярск, [Б. и.], 2000
বিষয়গুলি:
বিন্যাস: গ্রন্থ
KOHA link:https://koha.lib.tpu.ru/cgi-bin/koha/opac-detail.pl?biblionumber=22622

MARC

LEADER 00000nam0a2200000 4500
001 22622
005 20231030194807.0
035 |a (RuTPU)RU\TPU\book\22835 
035 |a BOOK00000599 
090 |a 22622 
100 |a 20011209d2000 k y0rusy50 ca 
101 0 |a rus 
102 |a RU 
105 |a a dm 000zy 
200 1 |a Математические модели оптимизации экологических платежей  |e Автореф. диссертации на соискание ученой степени кандидата физико-математических наук  |e 05.13.16  |f Т. Л. Недорезов 
210 |a Красноярск  |c [Б. и.]  |d 2000 
215 |a 18 с.  |c ил. 
300 |a Защита состоялась 14.06.2000 г. 
452 1 |0 (RuTPU)RU\TPU\book\52330  |t Математические модели оптимизации экологических платежей  |o Автореферат диссертации на соискание ученой степени кандидата технических наук:  |f Т. Л. Недорезов  |c Красноярск  |d 2000  |a Недорезов, Тимур Львович 
610 1 |a экология 
610 1 |a оптимизация 
610 1 |a математическое моделирование 
610 1 |a авторефераты диссертаций 
675 |a 502.3(04)  |v 3 
686 |a 05.13.16  |2 oksvnk 
700 1 |a Недорезов  |b Т. Л.  |g Тимур Львович 
801 0 |a RU  |b 63413507  |c 20011209  |g PSBO 
801 2 |a RU  |b 63413507  |c 20040429  |g PSBO 
942 |c BK